The Beatles Dis-Covered - Statistics

General Stats
  • This quiz has been taken 184 times
  • The average score is 14 of 15
Answer Stats
Question Answer % Correct
Please Mr Postman Cover
100%
She Loves You Original
100%
Ticket To Ride Original
100%
Michelle Original
100%
I Feel Fine Original
100%
Roll Over Beethoven Cover
94%
Rock And Roll Music Cover
94%
Twist And Shout Cover
94%
If I Needed Someone Original
94%
You've Really Got A Hold On Me Cover
89%
Do You Want To Know A Secret? Original
89%
Long Tall Sally Cover
78%
Words Of Love Cover
78%
I Wanna Be Your Man Original
78%
Dizzy Miss Lizzie Cover
61%
No matching quizzes found
Score Distribution
Percent of People with Each Score
Percentile by Number Answered
Your Score History
You have not taken this quiz